| 000 | 00613nam a2200181Ia 4500 | ||
|---|---|---|---|
| 003 | GCL | ||
| 008 | 140319s9999 xx 000 0 ara d | ||
| 040 |
_aGCL / _cGCL |
||
| 082 | 0 | 4 |
_a708 _bج م |
| 100 | 1 | _aجمعية محبى الفنون الجميلة | |
| 245 | 1 | 0 |
_aمعرض الفن البيزنطى الايطالى فسيفساء مدينة رافنا / _cجمعية محبى الفنون الجميلة |
| 260 |
_a[S.N] : _bجمعية محبى الفنون الجميلة |
||
| 490 | _a | ||
| 650 | 0 | 4 | _aالفن |
| 650 | 0 | 4 | _aالفن البيزنطى |
| 650 | 0 | 4 | _aايطاليا |
| 942 |
_2ddc _cBK |
||
| 999 |
_c36365 _d36365 |
||